Oeuvres Choisies de Cervantes (Record no. 2802)
[ view plain ]
| 000 -CABECERA | |
|---|---|
| campo de control de longitud fija | 02252nam a2200325 a 4500 |
| 001 - NÚMERO DE CONTROL | |
| campo de control | BRCA_3066 |
| 005 - FECHA Y HORA DE LA ÚLTIMA TRANSACCIÓN | |
| campo de control | 20190320204108.0 |
| 008 - DATOS DE LONGITUD FIJA--INFORMACIÓN GENERAL | |
| campo de control de longitud fija | 260109s1807----fr-a---###---#000-0#fre-u |
| 041 ## - CÓDIGO DE LENGUA | |
| Código de lengua del texto/banda sonora o título independiente | fre |
| 044 ## - CÓDIGO DEL PAÍS DE LA ENTIDAD EDITORA/PRODUCTORA | |
| Código MARC del país | fr |
| 084 ## - OTRO NÚMERO DE CLASIFICACIÓN | |
| Número de clasificación | 373 |
| Número de documento/Ítem | .S35 |
| -- | 1807 |
| 100 1# - ENTRADA PRINCIPAL--NOMBRE DE PERSONA | |
| Nombre de persona | Cervantes Saavedra, Miguel de |
| Fechas asociadas al nombre | 1547-1616 |
| 9 (RLIN) | 213 |
| 245 10 - MENCIÓN DE TÍTULO | |
| Título | Oeuvres Choisies de Cervantes |
| Mención de responsabilidad, etc. | Miguel de Cervantes Saavedra ; Traduction Nouvelle par H. Bpuchon Dubournial. |
| 260 ## - PUBLICACIÓN, DISTRIBUCIÓN, ETC. | |
| Lugar de publicación, distribución, etc. | París |
| Nombre del editor, distribuidor, etc. | Sciences et des Arts |
| Fecha de publicación, distribución, etc. | 1807 |
| 300 ## - DESCRIPCIÓN FÍSICA | |
| Extensión | 8 v. |
| Otras características físicas | il. |
| Dimensiones | 17 cm. |
| 500 ## - NOTA GENERAL | |
| Nota general | Contenido : v 1. Primera parte. Retrato de Cervantes. Prefacio del traductor. Vida de Cervantes. Prólogo del autor. Texto. -- v 2. Texto. -- v 3. Texto. -- v 4. Texto. -- v 5. Segunda parte. Texto. -- v 6. Texto. -- v 7. Texto. -- v 8. Texto |
| 500 ## - NOTA GENERAL | |
| Nota general | Traducción de Bouchon Dubournial. A pesar de afirmar el traductor que su versión conserva todas las bellezas del texto cervantino, la verdad es que, de todas las traducciones galas, hechas hasta aquella fecha, es le presente una de las más desacreditadas y arbitrarias, úesto que suprimió las dedicatorias de Cervantes, versos preliminares y el prólogo de la segunda parte, la novela del Curioso impertinente, y otros episodios. Si a estas supresiones se añades las de los pasajes, que en algunos casos son substituidos por otros completamente suyos, podemos aseverar que el original queda enteramente desfigurado. Incluye la vida de Cervantes, escrita por V. de los Ríos, vertida al francés. La parte tipográfica y el papel son bastante buenos; las láminas dibujadas por Dusaulchoy son mediocres. Semipiel; lomeras decoradas con dorados Lúdovik Osterc |
| 500 ## - NOTA GENERAL | |
| Nota general | QM294 |
| 546 ## - NOTA DE LENGUA/LENGUAJE | |
| Nota de lengua/lenguaje | Texto en : francés |
| 650 14 - PUNTO DE ACCESO ADICIONAL DE MATERIA--TÉRMINO DE MATERIA | |
| Término de materia o nombre geográfico como elemento de entrada | Novela española |
| Subdivisión cronológica | Época clásica, 1500-1700 |
| 9 (RLIN) | 215 |
| 650 14 - PUNTO DE ACCESO ADICIONAL DE MATERIA--TÉRMINO DE MATERIA | |
| Término de materia o nombre geográfico como elemento de entrada | Literatura española |
| Subdivisión cronológica | Época clásica, 1500-1700 |
| 9 (RLIN) | 216 |
| 650 14 - PUNTO DE ACCESO ADICIONAL DE MATERIA--TÉRMINO DE MATERIA | |
| Término de materia o nombre geográfico como elemento de entrada | Novela española |
| Subdivisión cronológica | Siglo XVII |
| 9 (RLIN) | 217 |
| 650 14 - PUNTO DE ACCESO ADICIONAL DE MATERIA--TÉRMINO DE MATERIA | |
| Término de materia o nombre geográfico como elemento de entrada | Don Quijote (Personaje ficticio) |
| Término indicativo de función/relación | Novela |
| 9 (RLIN) | 218 |
| 700 1# - PUNTO DE ACCESO ADICIONAL--NOMBRE DE PERSONA | |
| Nombre de persona | Ríos, Vicente de los |
| Fechas asociadas al nombre | 1732-1779 |
| Término indicativo de función/relación | Biógrafo |
| 9 (RLIN) | 8388 |
| 700 1# - PUNTO DE ACCESO ADICIONAL--NOMBRE DE PERSONA | |
| Nombre de persona | Bouchon Dubournial, Henri |
| Fechas asociadas al nombre | 1749-1828 |
| Término indicativo de función/relación | Traductor |
| 9 (RLIN) | 8389 |
| 700 1# - PUNTO DE ACCESO ADICIONAL--NOMBRE DE PERSONA | |
| Nombre de persona | Dusaulchoy, Charles |
| Fechas asociadas al nombre | 1781-1852 |
| Término indicativo de función/relación | Ilustrador |
| 9 (RLIN) | 8390 |
| 740 0# - PUNTO DE ACCESO ADICIONAL--TÍTULO RELACIONADO O ANALÍTICO NO CONTROLADO | |
| Título relacionado o analítico no controlado | El Ingenioso Hidalgo Don Quijote de la Mancha |
| 902 ## - CATALOGADOR | |
| Iniciales | QFM |
| 942 ## - ELEMENTOS DE PUNTO DE ACCESO ADICIONAL (KOHA) | |
| Fuente del sistema de clasificación o colocación | Library of Congress Classification |
| Tipo de ítem Koha | Libros |
| Estado de retiro | Estado de pérdida | Estado dañado | No para préstamo | Localización permanente | Ubicación/localización actual | Fecha de adquisición | Número de inventario | Total de préstamos | Signatura topográfica completa | Código de barras | Fecha visto por última vez | Precio válido a partir de | Tipo de ítem Koha |
|---|---|---|---|---|---|---|---|---|---|---|---|---|---|
| El ejemplar forma parte de la colección y puede ser consultado según las políticas vigentes. | Biblioteca del Museo Franz Mayer (Rogerio Casas-Alatriste) | Biblioteca del Museo Franz Mayer (Rogerio Casas-Alatriste) | 26/01/2009 | QM294 | 373 .S35 1807 (QM294) | 3063 | 22/03/2019 | 22/03/2019 | Libros |